ბათუმის შოთა რუსთაველის სახელმწიფო უნივერსიტეტის ბიბლიოთეკა

Методы и средства измеренний в телекомуникационных системах (ბიბ.ჩანაწერი № 49563)

000 -LEADER
fixed length control field 00811nam a2200241Ia 4500
001 - CONTROL NUMBER
control field 16495
003 - CONTROL NUMBER IDENTIFIER
control field GE_BSU
008 - FIXED-LENGTH DATA ELEMENTS--GENERAL INFORMATION
fixed length control field 181216s||||||||xx |||||||||||||| ||und||
040 ## - CATALOGING SOURCE
Transcribing agency GE_BSU
080 ## - UNIVERSAL DECIMAL CLASSIFICATION NUMBER
Universal Decimal Classification number 621.3
100 ## - MAIN ENTRY--PERSONAL NAME
Personal name Хамадулин,Э,Ф
245 ## - TITLE STATEMENT
Title Методы и средства измеренний в телекомуникационных системах
245 ## - TITLE STATEMENT
Remainder of title Учеб.пособ. для вузов
260 ## - PUBLICATION, DISTRIBUTION, ETC.
Place of publication, distribution, etc. Москва
260 ## - PUBLICATION, DISTRIBUTION, ETC.
Name of publisher, distributor, etc. Юрайт
260 ## - PUBLICATION, DISTRIBUTION, ETC.
Date of publication, distribution, etc. 2014
300 ## - PHYSICAL DESCRIPTION
Extent 366стр,илл,21см
653 ## - INDEX TERM--UNCONTROLLED
Uncontrolled term Методы и средства измеренний в телекомуникационных системах
653 ## - INDEX TERM--UNCONTROLLED
Uncontrolled term Телекомуникация
653 ## - INDEX TERM--UNCONTROLLED
Uncontrolled term ტელეკომუნიკაცია
942 ## - ADDED ENTRY ELEMENTS (KOHA)
Koha item type წიგნი
ეგზემპლარები
Withdrawn status Lost status Damaged status Not for loan Date acquired Barcode Date last seen Price effective from Koha item type
        2018-12-17 41130 2018-12-17 2018-12-17 წიგნი